<?xml version="1.0" encoding="UTF-8"?>
<record
    xmlns:xsi="http://www.w3.org/2001/XMLSchema-instance"
    xsi:schemaLocation="http://www.loc.gov/MARC21/slim http://www.loc.gov/standards/marcxml/schema/MARC21slim.xsd"
    xmlns="http://www.loc.gov/MARC21/slim">

  <leader>00380    a2200109   4500</leader>
  <datafield tag="100" ind1="1" ind2=" ">
    <subfield code="a">Everett, Daniel L.</subfield>
  </datafield>
  <datafield tag="245" ind1="0" ind2="0">
    <subfield code="a">Why there are no clitics</subfield>
    <subfield code="b"></subfield>
    <subfield code="c">Daniel L. Everett</subfield>
  </datafield>
  <datafield tag="260" ind1=" " ind2=" ">
    <subfield code="a">[Arlingtron]:</subfield>
    <subfield code="b">Summer Institute of Linguistics and University of Texas at Arlington,</subfield>
    <subfield code="c">c1996.</subfield>
  </datafield>
  <datafield tag="300" ind1=" " ind2=" ">
    <subfield code="a">xii, 188p</subfield>
  </datafield>
  <datafield tag="500" ind1=" " ind2=" ">
    <subfield code="a">Publications in Linguistics Publication 123</subfield>
  </datafield>
  <datafield tag="650" ind1=" " ind2="4">
    <subfield code="a">GRAMMAR</subfield>
    <subfield code="x">CLITICS</subfield>
  </datafield>
  <datafield tag="999" ind1=" " ind2=" ">
    <subfield code="c">63938</subfield>
    <subfield code="d">63912</subfield>
  </datafield>
</record>
